000
00326nam a22001451a 4500
082
_a
M3
_b
VIM/N
100
_a
Vimal
245
_a
Neetimante raktam/
_c
by Vimal
260
_a
Kottayam:
_b
RIEBF,
_c
1999.
300
_a
162p.
650
_a
Novel Malayalam
650
_a
Literature Malayalam
650
_a
Literature
942
_c
BK
999
_c
31056
_d
31056